Statistics for Top 10 Best selling PS4 Games

Click here to take the quiz!

General Stats

  • This quiz has been taken 38 times
  • The average score is 4 of 10

Answer Stats

NumberCopies Sold (in millions)Answer% Correct
219.5God of war
67%
120Marvel's Spider-Man
67%
510The Last of Us Part II
58%
710The Last of Us Remastered
58%
316Uncharted 4: A Thief's End
45%
610Horizon Zero Dawn
39%
108Gran Turismo Sport
30%
410.8The Witcher 3: Wild Hunt
24%
89.7Ghost of Tsushima
18%
98.4Star Wars battlefront
9%

Score Distribution

Percentile by Number Answered

Percent of People with Each Score

Your Score History

You have not taken this quiz